000 00451cam a2200181ua 4500
001 7186
008 141203n ii |||gr||||Z||||||eng
040 _cMAIN
041 _aeng
082 _a954
100 _aRaychoudhary, S.C.,
_eAuthor.
245 1 _aSocial, cultural and economic history of India
_cBy S.C. Raychoudhary
250 _a1st.
260 _aDelhi:
_bSurjeet,
_c1978.
300 _avii,279p.
653 _aHistory of India
942 _cBK
999 _c6312
_d6312